Statistics for Biggest Cities That Start With G

Click here to take the quiz!

General Stats

  • This quiz has been taken 32 times
  • The average score is 4 of 10

Answer Stats

CountryPopulationCity% Correct
China11,071,424Guangzhou
96%
Egypt2,443,203Giza
93%
Mexico1,495,182Guadalajara
89%
Ecuador1,952,029Guayaquil
70%
South Korea1,416,938Gwangju
26%
Pakistan1,384,471Gujranwala
22%
India1,199,191Ghaziabad
19%
India1,324,570Gorakhpur
7%
China1,380,000Guankou
7%
Mexico1,185,772Gustavo Adolfo Madero
7%

Score Distribution

Percentile by Number Answered

Percent of People with Each Score

Your Score History

You have not taken this quiz